00242nam a2200109Ia 4500008004100000082001500041100001400056245002000070250000800090260002600098300000800124150301s2005 xx 000 0 und d a651.3bSIN aSINGH, RK aGAUSTMANAGEMENT a1ST bAMAN PUB. DELHIc2005 a274